| 000 | 00520nam a2200133Ia 4500 | ||
|---|---|---|---|
| 008 | 171207s9999 xx 000 0 und d | ||
| 100 | _aBeecham, Sarah | ||
| 245 | _aIntroduction to the EASE 2016 special section: Evidence-based software engineering: Past, present, and future | ||
| 245 | _cSarah Beecham, David Bowes, Klaas-Jan Stol | ||
| 260 | _c2017 | ||
| 300 | _apages 14-18, September 2017 | ||
| 440 |
_aInformation and Software Technology _v89: |
||
| 650 | _aEvidence-based software engineering, Empirical research | ||
| 999 |
_c347471 _d347471 |
||